The primordial density perturbation: cosmology, inflation and the origin of structure
Đã lưu trong:
| Những tác giả chính: | , |
|---|---|
| Định dạng: | Sách |
| Ngôn ngữ: | Tiếng Anh |
| Được phát hành: |
Cambridge
Cambridge University Press
2009
|
| Phiên bản: | 1a. ed |
| Những chủ đề: | |
| Các nhãn: |
Thêm thẻ
Không có thẻ, Là người đầu tiên thẻ bản ghi này!
|
MARC
| LEADER | 00000cam a2200000 a 4500 | ||
|---|---|---|---|
| 001 | UCF3887 | ||
| 003 | CL-VaPUC | ||
| 008 | 121108e20090000UK |||||||||||||||||eng|d | ||
| 020 | |a 9780521828499 | ||
| 082 | 0 | 4 | |a 521.4 |b LYT |2 21 |
| 100 | |a Lyth, David H. |e autor |9 565556 | ||
| 700 | 0 | |a Liddle, Andrew R |e author |9 565557 | |
| 245 | 1 | 4 | |a The primordial density perturbation: cosmology, inflation and the origin of structure |
| 250 | |a 1a. ed | ||
| 300 | |a 497 p | ||
| 942 | |c BK | ||
| 945 | |d 20121108 00:00:00 |a dcastane | ||
| 260 | |a Cambridge |b Cambridge University Press |c 2009 | ||
| 650 | 0 | |a Astronomía |9 260985 | |
| 650 | 0 | |a Cosmología |9 269138 | |
| 650 | 7 | |a PERTURBACIONES |2 CL-VaPUC |9 425458 | |
| 583 | |a last modification |c 20121108 11:12:00 |k Rodrigo Vera | ||
| 999 | |c 349949 |d 349947 | ||
| 952 | |0 0 |1 0 |4 0 |6 521_400000000000000_LYT_2009 |7 0 |8 A |9 452845 |a BIBCUR |b BIBCUR |d 2019-11-22 |i 4921348 |o 521.4 LYT 2009 |p 4921348 |r 2025-04-22 |w 2019-11-22 |y BK |k FIS | ||